书目信息 |
| 题名: |
高分子材料辐射加工
|
|
| 作者: | 宋伟强 , 邓刚 , 宋清焕 编著 | |
| 分册: | ||
| 出版信息: | 北京 化学工业出版社 2008 |
|
| 页数: | 357页 | |
| 开本: | 21cm | |
| 丛书名: | ||
| 单 册: | ||
| 中图分类: | TB324 | |
| 科图分类: | ||
| 主题词: | 高分子材料--核技术应用 , 高分子材料 , 核技术应用 | |
| 电子资源: | ||
| ISBN: | 978-7-122-02361-2 | |
| 000 | 00991nam0 22002771 45 | |
| 001 | 1032965328 | |
| 005 | 20100407101904.65 | |
| 010 | @a978-7-122-02361-2@dCNY35.00 | |
| 100 | @a20100330d2008 em y0chiy50 ea | |
| 101 | 0 | @achi |
| 102 | @aCN@b110000 | |
| 105 | @ay z 000yy | |
| 106 | @ar | |
| 200 | 1 | @a高分子材料辐射加工@AGao Fen Zi Cai Liao Fu She Jia Gong@f宋伟强,邓刚,宋清焕等编著@FSong Wei Qiang, Deng Gang, Song Qing Huan Deng Bian Zhu |
| 210 | @a北京@c化学工业出版社@d2008 | |
| 215 | @a357页@d21cm | |
| 330 | @a本书对高分子辐射加工技术进行了介绍,内容涵盖塑料、橡胶、水凝胶、聚多糖、纳米高分子、功能膜及辐射固化等高分子辐射加工技术与应用的各个方面。 | |
| 606 | 0 | @a高分子材料@x核技术应用 |
| 606 | 0 | @a高分子材料 |
| 606 | 0 | @a核技术应用 |
| 690 | @aTB324@v4 | |
| 701 | 0 | @a宋伟强@ASong Wei Qiang@f(1968~)@4编著 |
| 701 | 0 | @a邓刚@ADeng Gang@4编著 |
| 701 | 0 | @a宋清焕@ASong Qing Huan@4编著 |
| 801 | 0 | @aCN@bTANGWEI@c20100407 |
| 905 | @b0586778-82@dTB324@e198@f5 | |
| 高分子材料辐射加工/宋伟强,邓刚,宋清焕等编著.-北京:化学工业出版社,2008 |
| 357页;21cm |
| ISBN 978-7-122-02361-2:CNY35.00 |
| 本书对高分子辐射加工技术进行了介绍,内容涵盖塑料、橡胶、水凝胶、聚多糖、纳米高分子、功能膜及辐射固化等高分子辐射加工技术与应用的各个方面。 |
| ● |
| 相关链接 |
|
|
|
|
正题名:高分子材料辐射加工
索取号:TB324/198
 
预约/预借
| 序号 | 登录号 | 条形码 | 馆藏地/架位号 | 状态 | 备注 |
| 1 | 0586778 | 205867784 | 第二样本阅览室/ [索取号:TB324/198] | 在馆 | |
| 2 | 0586779 | 205867793 | 第三借阅区/ [索取号:TB324/198] | 在馆 | |
| 3 | 0586780 | 205867800 | 第三借阅区/ [索取号:TB324/198] | 在馆 | |
| 4 | 0586781 | 205867819 | 第三借阅区/ [索取号:TB324/198] | 在馆 | |
| 5 | 0586782 | 205867828 | 第三借阅区/ [索取号:TB324/198] | 在馆 |